Países que contienen la letra Y - Estadísticas

Estadísticas generales
  • Esta prueba ha sido intentada 29 veces
    20 desde el último reinicio
  • La puntuación promedio es 11 de 17
Estadísticas de respuestas
País % Correcto
Yemen
93%
Yibuti
93%
Antigua y Barbuda
80%
Santo Tomé y Príncipe
73%
Trinidad y Tobago
73%
Bosnia y Herzegovina
67%
Guyana
67%
Paraguay
67%
San Vicente y las Granadinas
67%
Tayikistán
67%
Uruguay
67%
Azerbaiyán
60%
San Cristóbal y Nieves
60%
Fiyi
53%
Myanmar
53%
Camboya
47%
Seychelles
47%
No se encontraron pruebas coincidentes
Distribución de puntuación
Porcentaje de gente con cada puntuación
Porcentaje por número respondido
Historial de tus puntuaciones
No has intentado esta prueba desde el último reinicio